000 00783nam a2200193 a 4500
001 000038108
005 20201002031157.0
008 110126s2006 dr f000 0 spa d
040 _aDO-SdBNP
_bspa
_cBNPHU
082 _a342.7293023
_bR426co, 2006
110 1 _aRepública Dominicana.
_tConstitución (2002)
_949901
245 1 0 _aConstitución de la República Dominicana :
_bvotada y proclamada por la Asamblea Nacional en fecha 25 de julio del 2002. /.
260 _aSanto Domingo :
_bSenado de la República Dominicana,
_c2006.
300 _a63 p. ;
_c21 cm.
590 _aInventariado, 2018/ YL
651 4 _aRepública Dominicana
_xConstitución (2002{Rpara}
_910514
651 4 _aRepública Dominicana
_xDerecho Constitucional
_99303
910 _aValidado. Control de calidad MFF
999 _c37598
_d37598